Làng cổ truyền Vĩnh Phúc
Giới thiệu về làng cổ Vĩnh Phúc và một số làng cổ truyền Vĩnh Phúc như làng Hạ Hồi, làng Hương Canh, làng Thổ Tang... với những thông tin về hương ước, phong tục, lễ hội, đình làng
Bewaard in:
| Hoofdauteur: | |
|---|---|
| Formaat: | Boek |
| Taal: | Undetermined |
| Gepubliceerd in: |
Hà Nội
Văn hóa Thông tin
2014
|
| Onderwerpen: | |
| Tags: |
Voeg label toe
Geen labels, Wees de eerste die dit record labelt!
|
| Thư viện lưu trữ: | Trung tâm Học liệu Trường Đại học Cần Thơ |
|---|
| LEADER | 00848nam a2200205Ia 4500 | ||
|---|---|---|---|
| 001 | CTU_190937 | ||
| 008 | 210402s9999 xx 000 0 und d | ||
| 082 | |a 915.9723 | ||
| 082 | |b X502 | ||
| 100 | |a Xuân Mai | ||
| 245 | 0 | |a Làng cổ truyền Vĩnh Phúc | |
| 245 | 0 | |c Xuân Mai | |
| 260 | |a Hà Nội | ||
| 260 | |b Văn hóa Thông tin | ||
| 260 | |c 2014 | ||
| 520 | |a Giới thiệu về làng cổ Vĩnh Phúc và một số làng cổ truyền Vĩnh Phúc như làng Hạ Hồi, làng Hương Canh, làng Thổ Tang... với những thông tin về hương ước, phong tục, lễ hội, đình làng | ||
| 650 | |a Names, Geographical,Tên, địa lý | ||
| 650 | |z Vietnam,Việt Nam | ||
| 910 | |a Hải | ||
| 980 | |a Trung tâm Học liệu Trường Đại học Cần Thơ | ||